01225nam a22002657a 45000010005000000030006000050050017000110080041000280200018000690400029000870500014001160820011001301000021001412450101001622500041002632600032003043000045003365050007003815200448003885210018008365210018008546500026008726500026008987000035009248352FISKH20260319153720.0250910b cb ||||| |||| 00| 0 eng d a9780070580510 aFISKHbengcFISKHdFISKH aQH541.R27 a577.34 aM.Silver, Donald aOne small square :bTropical rain forest /cBy Donald M.Silver ; Illustrated by Patricia J.Wynne aThis edition first published in 1999 aNew York :bLearning,c1999 a48 pages :bcolor illustrations ;c23 cm aR  aBats and big cats. Armies of ants. Squawking parrots. Strangling figs. From the ground up to the tree tops, the tropical rainforest teems with life. Stunning drawings, step-by-step experiments, fun-to-do activities, and fascinating facts abound in this magical exploration of an essential ecosystem, in danger of disappearing forever. Tropical Rain Forest is a new edition to the One Samll Square Series not previously published in hardcover. 8 a720 bLexile 8 aR bRaz-Plus  2HabitatsaRainforests 2ScienceaNature study aJ.Wynne, Patriciadillustrator